Nanodesign : Some basic questions

The book explores fundamental questions in nanotechnology, focusing on the design and manipulation of matter at the nanoscale. It discusses conceptual, theoretical and philosophical issues related to nanodesign, including structure formation, self-organization, limits of miniaturization, and the rel...

Deskribapen osoa

Gorde:
Xehetasun bibliografikoak
Egile nagusia: Schommers, Wolfram
Formatua: Liburua
Hizkuntza:Vietnamese
Argitaratua: Singapore World Scientific 2014
Gaiak:
Etiketak: Etiketa erantsi
Etiketarik gabe, Izan zaitez lehena erregistro honi etiketa jartzen!
Thư viện lưu trữ: Thư viện Trường Đại học Nam Cần Thơ
LEADER 01121nam a22002057a 4500
001 NCT_4_028557
008 251023b xxu||||| |||| 00| 0 vie d
999 |c 9428  |d 9428 
020 |a 9789814520348 
082 0 4 |2 23rd ed.  |a 620.1  |b S369 
100 1 |a Schommers, Wolfram 
245 1 0 |a Nanodesign :  |b Some basic questions  |c Wolfram Schommers 
260 |a Singapore  |b World Scientific  |c 2014 
300 |a xv, 183 p.  |b ill.  |c 24 cm 
504 |a Includes bibliographical references and index 
520 3 |a The book explores fundamental questions in nanotechnology, focusing on the design and manipulation of matter at the nanoscale. It discusses conceptual, theoretical and philosophical issues related to nanodesign, including structure formation, self-organization, limits of miniaturization, and the relationship between physical laws and technological possibilities. 
653 |a Cơ bản - Vật lý 
942 |2 ddc  |c BK 
952 |0 0  |1 0  |2 ddc  |4 0  |6 620_100000000000000_S369  |7 0  |9 31564  |a 000001  |b 000001  |d 2025-11-03  |o 620.1 S369  |p MD.24523  |r 2025-11-03  |w 2025-11-03  |y BK 
980 |a Thư viện Trường Đại học Nam Cần Thơ